skinny dipping (Lyrics)- Sabrina Carpenter - Statistics

General Stats
  • This quiz has been taken 123 times
  • The average score is 277 of 340
Answer Stats
Answer % Correct
I
98%
a
96%
it
96%
you
96%
you?"
96%
an
94%
And
94%
and
94%
are
94%
I'll
94%
it's
94%
of
94%
your
94%
be
92%
do
92%
how
92%
How
92%
on
92%
say
92%
the
92%
we
92%
We
92%
bein'
90%
but
90%
dip
90%
go
90%
"How's
90%
How's
90%
in
90%
sister?"
90%
skinny
90%
this
90%
goin'
88%
no
88%
so
88%
to
88%
was
88%
"Hi"
86%
"Hi
86%
is
86%
name
86%
nice
86%
What
86%
what
86%
ha
84%
latte
84%
Shannon"
84%
should
84%
think
84%
You'll
84%
you'll
84%
bridge
82%
call
82%
coffee
82%
edge
82%
look
82%
maybe
82%
"Maybe
82%
milk
82%
oat
82%
shop
82%
sometime"
82%
under
82%
All
80%
all
80%
Arguments
80%
barista
80%
cliff
80%
down
80%
family?
80%
garage
80%
Hear
80%
It'll
80%
it'll
80%
just
80%
purpose
80%
"Shannon's
80%
swimmin'
80%
up
80%
Wednesday
80%
"Well
80%
we'll
80%
won't
80%
"Won't
80%
If
78%
I'm
78%
my
78%
ship
78%
swimmin'
78%
wasn't
78%
with
78%
After
76%
could
76%
from
76%
take
76%
that
76%
water
76%
chance
75%
chatter
75%
phone
75%
there's
75%
too
75%
We've
75%
at
73%
been
73%
exist
73%
us
73%
ways
73%
anyway
71%
let's
71%
right?
71%
Right?
71%
long
69%
minute
69%
really
69%
sabotaged
69%
enough
67%
off
67%
sit
67%
harp
65%
keep
65%
old
65%
restaurant
65%
table
65%
nonsensical
63%
nostalgic?"
63%
used
63%
had
61%
little
61%
our
61%
same
61%
those
61%
It'd
59%
past
59%
promise
59%
both
57%
kids
57%
scared
57%
suggest
57%
about
55%
bring
55%
thinkin'
55%
have
51%
different
49%
resistant
49%
ah-ha
45%
Ah-ha-ha
45%
bureaucratic"
39%
No matching quizzes found
Score Distribution
Percent of People with Each Score
Percentile by Number Answered
Your Score History
You have not taken this quiz